| 000 | 00404nam a2200133Ia 4500 | ||
|---|---|---|---|
| 008 | 220216s9999 xx 000 0 und d | ||
| 100 | _aUnni R.G. | ||
| 245 | 0 | _aReview of the progress of the NR industry in the various rubber producing countries | |
| 260 |
_bRubber Board Bulletin _c1967 |
||
| 300 | _a17-Oct | ||
| 650 | _aRubber plantation industry | ||
| 650 | _aRubber producing country | ||
| 942 | _cBS | ||
| 999 |
_c49777 _d49777 |
||